| 000 | 00554nam a2200181Ia 4500 | ||
|---|---|---|---|
| 008 | 090123s9999 xx 000 0 und d | ||
| 082 | _b19380 | ||
| 100 | _aरॉय सुजाता | ||
| 245 | _a1000 लिटरेचर क्विझ | ||
| 250 | _a1 | ||
| 260 |
_bरुपा & कंपनी _c1990 |
||
| 300 | _a229 | ||
| 600 | _aरॉय सुजाता | ||
| 630 | _a1000 लिटरेचर क्विझ | ||
| 700 | _aरॉय सुजाता | ||
| 730 | _a1000 लिटरेचर क्विझ | ||
| 942 | _cBOOK | ||
| 999 |
_c57446 _d57446 |
||